00503nam a22001457a 450000500170000000800410001702000180005804100090007608200160008510000180010124501160011926000520023530000190028765000510030620250326123453.0250326b |||||||| |||| 00| 0 eng d a9789814518727 aEng. a658.049 TAN aTan, Yinglan  aNavigating Aseannovation: The Reservoir Principle And Other Essays On Startups And Innovation In Southeast Asia aNew JerseybWorld Scientific Publishing c2020 a260;. P. 23 cm aInternational Business Enterprises; Management